| 000 | 01123nam a22002297a 4500 | ||
|---|---|---|---|
| 999 |
_c21704 _d21704 |
||
| 003 | AR-CdUCM | ||
| 008 | 190425b ||||| |||| 00| 0 spa d | ||
| 040 |
_aMUNICIPALIDAD PROVINCIAL DEL CUSCO _cBIBLIOTECA MUNICIPAL DEL CUSCO |
||
| 082 |
_aRev.Univ/N°33,34/1920 _bRev.Univ/N°33,34/1920 |
||
| 110 |
_aUniversidad Nacional de San Antonio Abad del Cusco _915942 |
||
| 245 |
_aRevista Universitaria : _bÓrgano de la Universidad del Cuzco / |
||
| 260 |
_aCusco : _bEl Trabajo, _csetiembre 1920. _cdiciembre 1920. |
||
| 300 |
_a149 páginas. : _c20 cm. |
||
| 440 |
_aRevista Universitaria _nAño IX, setiembre, diciembre 1920, N°33, 34 _945813 |
||
| 505 | _aContenido: El presidente Wilson i la Universidad del Cuzco. -- La recepción de la Universidad. -- Apreciaciones de la prensa i relación de las fiestas. -- La capital de los incas. -- La aeronavegación en el Perú. -- La universidad de Yale. | ||
| 650 |
_aAeronavegación _945814 |
||
| 650 |
_aUniversidad de Yale _945815 |
||
| 650 |
_aSiglo XX _945802 |
||
| 710 |
_aUniversidad Nacional de San Antonio Abad del Cusco _915942 |
||
| 942 |
_2ddc _cPP |
||
| 945 | _arac | ||